Pensieri (Record n. 25531)
[ formato base ]
| 000 -LEADER | |
|---|---|
| fixed length control field | 01210nam a2200229Ia 4500 |
| 003 - CONTROL NUMBER IDENTIFIER | |
| control field | IT-RoPAU |
| 005 - DATE AND TIME OF LATEST TRANSACTION | |
| control field | 20220918175708.0 |
| 008 - FIXED-LENGTH DATA ELEMENTS--GENERAL INFORMATION | |
| fixed length control field | 120407s9999 xx 000 0 und d |
| 040 ## - CATALOGING SOURCE | |
| Original cataloging agency | IT-RoPAU |
| 040 ## - CATALOGING SOURCE | |
| Transcribing agency | IT-RoPAU |
| 041 ## - LANGUAGE CODE | |
| Language code of text/sound track or separate title | ita |
| 100 ## - MAIN ENTRY--PERSONAL NAME | |
| Personal name | Alberione, Giacomo |
| Titles and words associated with a name | ssp |
| 9 (RLIN) | 14 |
| 245 ## - TITLE STATEMENT | |
| Title | Pensieri |
| Remainder of title | Frammenti di spiritualità apostolica dai suoi scritti e discorsi |
| 250 ## - EDITION STATEMENT | |
| Edition statement | 4° ed. |
| 260 ## - PUBLICATION, DISTRIBUTION, ETC. (IMPRINT) | |
| Place of publication, distribution, etc. | Alba |
| Name of publisher, distributor, etc. | Società San Paolo |
| Date of publication, distribution, etc. | 1987 |
| 300 ## - PHYSICAL DESCRIPTION | |
| Extent | 139 p. |
| Dimensions | 20 cm |
| 490 ## - SERIES STATEMENT | |
| Volume/sequential designation | 1 |
| Series statement | 1° serie |
| 500 ## - GENERAL NOTE | |
| General note | Presentazione e note di Giovanni Roatta. |
| 520 ## - SUMMARY, ETC. | |
| Summary, etc. | INDICE<br/>Presentazione;<br/>Cronologia;<br/>Sigle bibliografiche;<br/>1.Coscienza della missione;<br/>2.Visione dinamica dell'uomo e della storia;<br/>3.Gesù Cristo: centro del pensiero e dell'azione;<br/>4.Presenza della Madre di Dio;<br/>5.San Paolo oggi;<br/>6.La Parola di dio;<br/>7.La Chiesa-il Papa;<br/>8.Un grande problema: le vocazioni;<br/>9.Il sacerdote;<br/>10.Il Discepolo del divino Maestro;<br/>11.La Donna associata allo zelo sacerdotale;<br/>12.Una scelta fondamentale: la vita religiosa;<br/>13.La Preghiera;<br/>14.Senso costruttivo della povertà;<br/>15.Apostolato: emanazione dal Cristo;<br/>16.L'apostolato con i mezzi della comunicazione sociale. |
| 942 ## - ADDED ENTRY ELEMENTS (KOHA) | |
| Koha item type | LIBRO |
| Source of classification or shelving scheme | Dewey Decimal Classification |
| Withdrawn status | Lost status | Source of classification or shelving scheme | Damaged status | Not for loan | Home library | Current library | Date acquired | Total Checkouts | Full call number | Date last seen | Price effective from | Koha item type | Public note |
|---|---|---|---|---|---|---|---|---|---|---|---|---|---|
| Dewey Decimal Classification | Buone Condizioni | Not For Loan | PAULUS-BIBLIOTECA | PAULUS-BIBLIOTECA | 11/04/2012 | P A4 | 11/04/2012 | 11/04/2012 | LIBRO | Inserito da Stefano |